Análisis del funcionamiento vial alrededor del Centro Comercial Novacentro

Gorde:
Xehetasun bibliografikoak
Egile nagusia: Salas Chaves, Mauricio José
Formatua: Liburua
Argitaratua: San José, C.R. 1996
Gaiak:
Etiketak: Etiketa erantsi
Etiketarik gabe, Izan zaitez lehena erregistro honi etiketa jartzen!

MARC

LEADER 00000nam a2200000Ia 4500
003 008066
005 20221231144236.0
008 140114s1996 cr a m 000 ||s d
040 |c cru CEDI 
090 |a TFG 3563 
100 |a  Salas Chaves, Mauricio José  |9 9749 
245 |a Análisis del funcionamiento vial alrededor del Centro Comercial Novacentro 
260 |c 1996  |a  San José, C.R. 
300 |a  [151] hojas : ilustraciones (algunas a color)  
500 |a  Proyecto de graduación (licenciatura en ingeniería civil)--Universidad de Costa Rica. Facultad de Ingeniería. Escuela de Ingeniería Civil 
650 |x INGENIERÍA DEL TRÁNSITO - PROGRAMAS PARA COMPUTADORA   |x SEMAFOROS   |x CAMINOS -- INTERCAMBIOS E INTERSECCIONES  |9 9750 
942 |c TFG 
999 |c 18948  |d 18948